000 00430nmm a2200145Ia 4500
008 251105s9999||||xx |||||||||||||||||und||
041 _aspa
100 _aJiménez Burillo, Florencio
245 0 _aEl holocausto nazi
264 _a[Madrid, España] :
_bUniversitat Oberta de Catalunya,
_c2015
300 _a96 páginas
650 _aHistory of Europe
856 _uhttps://public.digitaliapublishing.com/a/43946
942 _cCF
999 _c105759
_d105759